FA Cup Semi-Finalists Since 1990 - Statistics

General Stats
  • This quiz has been taken 113 times
  • The average score is 127 of 140
Answer Stats
% Correct
2019/20 Winner Arsenal
100%
2016/17 Winner Arsenal
100%
2014/15 Winner Arsenal
100%
2013/14 Winner Arsenal
100%
2008/09 Semi-Finalist Arsenal
100%
2004/05 Winner Arsenal
100%
2003/04 Semi-Finalist Arsenal
100%
2002/03 Winner Arsenal
100%
2001/02 Winner Arsenal
100%
2000/01 Runner Up Arsenal
100%
1998/99 Semi-Finalist Arsenal
100%
1997/98 Winner Arsenal
100%
1992/93 Winner Arsenal
100%
1990/91 Semi-Finalist Arsenal
100%
2023/24 Semi-Finalist Chelsea
100%
2021/22 Runner Up Chelsea
100%
2020/21 Runner Up Chelsea
100%
2019/20 Runner Up Chelsea
100%
2017/18 Winner Chelsea
100%
2016/17 Runner Up Chelsea
100%
2012/13 Semi-Finalist Chelsea
100%
2011/12 Winner Chelsea
100%
2009/10 Winner Chelsea
100%
2008/09 Winner Chelsea
100%
2006/07 Winner Chelsea
100%
2005/06 Semi-Finalist Chelsea
100%
2001/02 Runner Up Chelsea
100%
1999/00 Winner Chelsea
100%
1996/97 Winner Chelsea
100%
1995/96 Semi-Finalist Chelsea
100%
1993/94 Runner Up Chelsea
100%
2023/24 Winner Manchester United
100%
2022/23 Runner Up Manchester United
100%
2019/20 Semi-Finalist Manchester United
100%
2017/18 Runner Up Manchester United
100%
2015/16 Winner Manchester United
100%
2010/11 Semi-Finalist Manchester United
100%
2008/09 Semi-Finalist Manchester United
100%
2006/07 Runner Up Manchester United
100%
2004/05 Runner Up Manchester United
100%
2003/04 Winner Manchester United
100%
1998/99 Winner Manchester United
100%
1995/96 Winner Manchester United
100%
1994/95 Runner Up Manchester United
100%
1993/94 Winner Manchester United
100%
1989/90 Winner Manchester United
100%
2017/18 Semi-Finalist Tottenham Hotspur
100%
2016/17 Semi-Finalist Tottenham Hotspur
100%
2011/12 Semi-Finalist Tottenham Hotspur
100%
2009/10 Semi-Finalist Tottenham Hotspur
100%
2000/01 Semi-Finalist Tottenham Hotspur
100%
1998/99 Semi-Finalist Tottenham Hotspur
100%
1994/95 Semi-Finalist Tottenham Hotspur
100%
1992/93 Semi-Finalist Tottenham Hotspur
100%
1990/91 Winner Tottenham Hotspur
100%
2021/22 Winner Liverpool
99%
2014/15 Semi-Finalist Liverpool
99%
2011/12 Runner Up Liverpool
99%
2005/06 Winner Liverpool
99%
2000/01 Winner Liverpool
99%
1995/96 Runner Up Liverpool
99%
1991/92 Winner Liverpool
99%
1989/90 Semi-Finalist Liverpool
99%
2023/24 Runner Up Manchester City
99%
2022/23 Winner Manchester City
99%
2021/22 Semi-Finalist Manchester City
99%
2020/21 Semi-Finalist Manchester City
99%
2019/20 Semi-Finalist Manchester City
99%
2018/19 Winner Manchester City
99%
2016/17 Semi-Finalist Manchester City
99%
2012/13 Runner Up Manchester City
99%
2010/11 Winner Manchester City
99%
2015/16 Semi-Finalist Everton
97%
2011/12 Semi-Finalist Everton
97%
2008/09 Runner Up Everton
97%
1994/95 Winner Everton
97%
2020/21 Winner Leicester City
94%
2004/05 Semi-Finalist Newcastle United
93%
1999/00 Semi-Finalist Newcastle United
93%
1998/99 Runner Up Newcastle United
93%
1997/98 Runner Up Newcastle United
93%
2005/06 Runner Up West Ham United
92%
1990/91 Semi-Finalist West Ham United
92%
2018/19 Semi-Finalist Wolverhampton Wanderers
91%
1997/98 Semi-Finalist Wolverhampton Wanderers
91%
2020/21 Semi-Finalist Southampton
90%
2017/18 Semi-Finalist Southampton
90%
2002/03 Runner Up Southampton
90%
2014/15 Runner Up Aston Villa
88%
2009/10 Semi-Finalist Aston Villa
88%
1999/00 Runner Up Aston Villa
88%
1995/96 Semi-Finalist Aston Villa
88%
2021/22 Semi-Finalist Crystal Palace
88%
2015/16 Runner Up Crystal Palace
88%
1994/95 Semi-Finalist Crystal Palace
88%
1989/90 Runner Up Crystal Palace
88%
2013/14 Semi-Finalist Wigan Athletic
88%
2012/13 Winner Wigan Athletic
88%
2007/08 Runner Up Cardiff City
87%
1990/91 Runner Up Nottingham Forest
86%
2022/23 Semi-Finalist Sheffield United
86%
2013/14 Semi-Finalist Sheffield United
86%
2002/03 Semi-Finalist Sheffield United
86%
1997/98 Semi-Finalist Sheffield United
86%
1992/93 Semi-Finalist Sheffield United
86%
1992/93 Runner Up Sheffield Wednesday
86%
2003/04 Semi-Finalist Sunderland
86%
1991/92 Runner Up Sunderland
86%
2009/10 Runner Up Portsmouth
85%
2007/08 Winner Portsmouth
85%
1991/92 Semi-Finalist Portsmouth
85%
2018/19 Runner Up Watford
83%
2015/16 Semi-Finalist Watford
83%
2006/07 Semi-Finalist Watford
83%
2002/03 Semi-Finalist Watford
83%
2006/07 Semi-Finalist Blackburn Rovers
81%
2004/05 Semi-Finalist Blackburn Rovers
81%
2022/23 Semi-Finalist Brighton & Hove Albion
80%
2018/19 Semi-Finalist Brighton & Hove Albion
80%
2005/06 Semi-Finalist Middlesbrough
80%
2001/02 Semi-Finalist Middlesbrough
80%
1996/97 Runner Up Middlesbrough
80%
2010/11 Runner Up Stoke City
80%
2007/08 Semi-Finalist West Bromwich Albion
78%
2001/02 Semi-Finalist Fulham
77%
2013/14 Runner Up Hull City
77%
2023/24 Semi-Finalist Coventry City
76%
1991/92 Semi-Finalist Norwich City
74%
2012/13 Semi-Finalist Millwall
70%
2003/04 Runner Up Millwall
70%
2010/11 Semi-Finalist Bolton Wanderers
67%
1999/00 Semi-Finalist Bolton Wanderers
67%
1996/97 Semi-Finalist Wimbledon
66%
2014/15 Semi-Finalist Reading
65%
2007/08 Semi-Finalist Barnsley
55%
1993/94 Semi-Finalist Oldham Athletic
55%
1989/90 Semi-Finalist Oldham Athletic
55%
1993/94 Semi-Finalist Luton Town
52%
2000/01 Semi-Finalist Wycombe Wanderers
41%
1996/97 Semi-Finalist Chesterfield
30%
No matching quizzes found
Score Distribution
Percent of People with Each Score
Percentile by Number Answered
Your Score History
You have not taken this quiz